000 02229cab a2200253 4500
001 ##L133962
008 060626n2006 000 0 eng u
035 _a(Sirsi) u133962
041 0 _aeng
245 0 0 _aButler v Derby City Council
260 _c2006
520 _a[2005] EWHC 2835 (Admin), 22 November 2005. Concerns the interpretation of the word advertisement for the purposes of the Town and Country Planning Act 1990 and the Country Planning Act (Control of Advertisements) Regulations 1992. Appeal by B by way of case stated against his breaches of planning control. D claimed that B had displayed an advertising banner on property without D's consent. The banner presented the logo and contact details of a group opposed to a land development proposed by D. The judge held that the contact details constituted a direction and the banner was an advertisement. As B had not applied for consent to display his rights under Art 10 of the European Convention on Human Rights were not engaged. "Held": appeal dismissed. The banner constituted an advertisement. The word advertisement was to be given a very broad meaning for the purposes of the Act and the Regulations. The words advertisement, announcement and direction were not mutually exclusive and an announcement could be a direction or an advertisement and vice versa. The commencement of the criminal proceedings did not engage B's rights to freedom of expression.
650 2 4 _aBUTLER V DERBY CITY COUNCIL
650 2 4 _aCOUNTRY PLANNING ACT (CONTROL OF ADVERTISEMENTS) REGULATIONS 1992
650 2 4 _aWESTMINSTER LBC V HAW
650 2 4 _aTOWN AND COUNTRY PLANNING (CONTROL OF ADVERTISEMENTS) REGULATIONS 1992 REG 5
650 2 4 _aTOWN AND COUNTRY PLANNING (CONTROL OF ADVERTISEMENTS) REGULATIONS 1992 REG 27
650 2 4 _aTOWN AND COUNTRY PLANNING ACT 1990 S224
650 2 4 _aCONVENTION FOR THE PROTECTION OF HUMAN RIGHTS AND FUNDAMENTAL FREEDOMS ART 10
651 4 _aEngland and Wales
_y1543-
690 _aENVIRONMENTAL AND LAND CONSULTANCY-PLANNING AND DEVELOPMENT-DEVELOPMENT CONTROL-PLANNING ENFORCEMENT
856 4 0 _uhttps://www.bailii.org/ew/cases/EWHC/Admin/2005/2835.html
_zView the judgment free of charge at www.bailii.org...
942 _n0
999 _c77288
_d77288